Riconosci il giocatore dalla carriera 7 - Statistics

Statistiche generali
  • Questo quiz è stato fatto 29 volte
  • Il punteggio medio è 6 su 15
Statistiche sulle risposte
Carriera Risposta % Corretto
Porto 2017-2018 Manchester Utd 2018-2020 Milan 2020-2021 Manchester United 2021- Diogo Dalot
96%
Ajax 2009-2013 Tottenham 2013-2020 Inter 2020-2021Brentford 2022 Manchester Utd 2022-2025 Wolfsburg 2025- Christian Eriksen
85%
Servette 2014-2015 Young Boys 2015-2017 Borussia M'gladbach 2017-2022 Juventus 2022 Chelsea 2022-2023 Monaco 2023- Denis Zakaria
63%
Nordsjælland 2018-2020 Sampdoria 2020-2022 Brentford 2022- Mikkel Damsgaard
63%
Zimbru Chișinău 2007 Iskra-Stal 2008-2009 Aarau 2009-2014 Hellas Verona 2014-2016 Cagliari 2016-2020 Benevento 2020-2022 Pisa 2022-2023 Modena 2023 Lecco 2023-2025 Triestina 2025- Artur Ioniță
48%
Tolosa 2018-2019 Barcellona 2019-2020 Schalke 04 2020Benfica 2020-2021 Nizza 2021-2024 West Ham Utd 2024- Jean-Clair Todibo
48%
Angers 2014-2015 Orléans 2015-2016 Angers 2016-2017Lilla 2017-2019 Arsenal 2019-2022 Nizza 2022-2023 Trabzonspor 2023-2024 Villarreal 2024- Nicolas Pépé
48%
Jong Ajax 2018-2019 Heerenveen 2019-2020 Lilla 2020-2022Newcastle Utd 2022- Sven Botman
41%
San Marino 2015 Bologna 2015-2016 Napoli 2016-2019 Roma2019-2022 Anderlecht 2022-2025 Eldense 2025 Leganés 2025- Amadou Diawara
37%
Atalanta 2018-2019 Livorno 2019-2020 Reggina 2020-2021Parma 2021- Enrico Delprato
26%
Lazio 2013-2015 Salernitana 2015-2016 Lazio 2016-2022Brentford 2022-2024 AEK Atene 2024- Thomas Strakosha
26%
Barcellona 2020- Alejandro Balde
19%
Lagans AIK 2010-2011 Öster 2011-2012 Helsingborg 2012-2015 Bologna 2015-2018 Amiens 2018-2019 Newcastle Utd 2019- Emil Krafth
19%
Las Palmas Atlético 2008-2010 Las Palmas 2010-2012 Siviglia 2013-2017 Las Palmas 2017-2018 Atletico Madrid 2018-2021 Getafe 2021-2022 Las Palmas 2022-2023 Atletico Madrid 2023-2024 Vitolo
11%
Inter Zaprešić 2013-2016 Palermo 2016-2018 Hajduk Spalato2018-2022 Aalborg 2022-2024 Rijeka 2024-2025 Primorje 2025- Josip Posavec
4%
Nessun quiz corrispondente trovato
Distribuzione punteggi
Percentuale di utenti per punteggio
Percentile per numero di risposta
I tuoi punteggi nel tempo
Non hai fatto questo quiz